000 00802nam a2200241 i 4500
001 bg
100 1 _aKoźniewski, Edwin.
245 1 0 _aGeometria dachów :
_bteoria i zastosowanie /
_cEdwin Koźniewski.
260 _aBiałystok :
_bWydawnictwo Politechniki Białostockiej,
_c2007.
300 _a197 s. :
_bfot., rys. ;
_c23 cm.
490 1 _aRozprawy Naukowe / Politechnika Bialostocka,
_x0867-096X ;
_vnr 139
504 _aBibliogr. s. 177-184 s. Indeks.
546 _aStreszcz. ang., ros.
650 9 _aDach
_xbudowa i konstrukcje
830 0 _aRozprawy Naukowe - Politechnika Bialostocka,
_x0867-096X ;
_vnr 139
040 _cBPK
041 0 _apol
_brus
_beng
044 _aPOL
080 _a692.4
942 _cKS
008 s pl f |000 0 pol
999 _c54226
_d54226
856 _uhttp://koha.tu.koszalin.pl/cgi-bin/koha/opac-detail.pl?biblionumber=54226
_yKatalog online BPK